000 00685nam a2200217 i 4500
001 102908
003 ES-MaACL
007 t|
008 051216s1979 sp f ||||1| spa d
020 _a84-85534-01-8
080 _a860-32"19"
080 _a860-6"19"
080 _a76 Gomila, Juan
100 1 _aBlanc, Felicidad.
_929109
245 1 0 _aCuando amé a Felicidad /
_crelatos y cartas de Felicidad Blanc ; con diez litografías realizadas a mano, de Juan Gomila.
260 _aMadrid :
_bJuan Gris,
_c[1979]
300 _a41 p., [10] de lám. col. ;
_c66 cm.
500 _aEjemplar numerado de una tirada de 231.
700 1 _aGomila, Juan.
_958202
852 _aES-MaACL
_jGF-25
999 _c102908
_d102908